Hack the Quiz #10 - Statistics

General Stats
  • This quiz has been taken 514 times
  • The average score is 27 of 32
Answer Stats
Cipher Word % Correct
13 Hobart,
93%
21 and
93%
34 Name
93%
18 the
92%
30 Darwin,
92%
32 only
92%
26 Perth?
91%
28 country
91%
16 of
90%
29 South
90%
74 are
90%
15 due
89%
02 Where
88%
43 North
88%
48 is
88%
50 Adelaide,
86%
67 Nigeria?
85%
73 Korea.
83%
75 in
83%
76 largest
83%
85 bordering
83%
08 is
81%
44 What
81%
81 country
81%
96 What
78%
68 bay
77%
61 Canada?
76%
06 the
75%
North Korea
75%
Australia
69%
Niger
60%
Hudson Bay
40%
No matching quizzes found
Score Distribution
Percent of People with Each Score
Percentile by Number Answered
Your Score History
You have not taken this quiz